|
|
|
|
| LEADER |
01304nam a2200277 a 4500 |
| 001 |
GR-Patra24450 |
| 008 |
080222s2008 nyu g b 001 0 eng d |
| 020 |
|
|
|a 9783540726746
|
| 040 |
|
|
|a GrPaTEI
|b gre
|c GR-PaULI
|
| 040 |
|
|
|a GrPaTEI
|b gre
|c GR-PaULI
|
| 082 |
|
0 |
|a 620.5
|2 22
|
| 245 |
0 |
0 |
|a Self-organized morphology in nanostructured materials ; Editors: Katharina Al-Shamery, Jurgen Parisi.
|
| 260 |
|
|
|a New York :
|b Springer,
|c c2008
|
| 300 |
|
|
|a xi, 173 σ. :
|b εικ.
|
| 490 |
1 |
|
|a Springer series in materials science
|
| 504 |
|
|
|a Περιλαμβάνει βιβλιογραφίες και ευρετήριο.
|
| 650 |
|
0 |
|a Nanostructured materials
|
| 650 |
|
0 |
|a Self-organizing systems
|
| 700 |
1 |
|
|a Al-Shamery, Katharina
|
| 700 |
1 |
|
|a Parisi, Jurgen
|
| 830 |
|
0 |
|1 00119160
|1 2001
|a Springer series in materials science
|
| 942 |
|
|
|2 ddc
|
| 952 |
|
|
|0 0
|1 0
|2 ddc
|4 0
|6 620_500000000000000_SEL
|7 0
|9 305312
|a LISK
|b LISK
|c BSC
|d 2021-01-17
|e 24
|f 0
|g 0.00
|l 0
|o 620.5 SEL
|p 92410036432
|r 2021-01-17 00:00:00
|t 1
|w 2021-01-17
|y BK15
|x 20080222 0 1
|x GrPaTEI
|
| 952 |
|
|
|0 0
|1 0
|2 ddc
|4 0
|6 620_500000000000000_SEL
|7 1
|9 305313
|a LISK
|b LISK
|c BSC
|d 2021-01-17
|e 24
|f 0
|g 0.00
|l 0
|o 620.5 SEL
|p 92410037665
|r 2021-01-17 00:00:00
|t 1
|w 2021-01-17
|y BKN
|x 20080306 0 0
|x GrPaTEI
|
| 971 |
|
|
|a .b2672022x
|b 15-04-20
|c 26-09-16
|
| 999 |
|
|
|c 176688
|d 176688
|